¡Nos matamos! (Record no. 160558)
[ view plain ]
| 000 -LEADER | |
|---|---|
| campo de control de longitud fija | 01080nam a22002175i 4500 |
| 001 - NÚMERO DE CONTROL | |
| campo de control | 160558 |
| 003 - IDENTIFICADOR DE NÚMERO DE CONTROL | |
| campo de control | ES-MaACL |
| 005 - FECHA Y HORA DE LA ÚLTIMA TRANSACCIÓN | |
| campo de control | 20251011165009.0 |
| 008 - DATOS DE LONGITUD FIJA--INFORMACIÓN GENERAL | |
| campo de control de longitud fija | 010829s1879 sp |||| | spa d |
| 040 ## - FUENTE DE CATALOGACIÓN | |
| Centro catalogador/agencia de origen | AR |
| Lengua de catalogación | spa |
| Centro/agencia transcriptor | AR |
| 100 1# - ENTRADA PRINCIPAL--NOMBRE DE PERSONA | |
| Nombre de persona | Navarro Gonzalvo, Eduardo, |
| Fechas asociadas al nombre | 1846-1902 |
| 9 (RLIN) | 85134 |
| 245 10 - MENCIÓN DEL TÍTULO | |
| Título | ¡Nos matamos! |
| Resto del título | : entremés lírico en un acto y en verso / |
| Mención de responsabilidad, etc. | letra de los señores Eduardo Navarro Gonzalvo y Calisto Navarro ; música del maestro Manuel Nieto. |
| 260 ## - PUBLICACIÓN, DISTRIBUCIÓN, ETC. | |
| Lugar de publicación, distribución, etc. | Madrid : |
| Nombre del editor, distribuidor, etc. | [Hijos de A. Gullón], |
| Fecha de publicación, distribución, etc. | 1879 ( |
| Fabricante | M.P. Montoya) |
| 300 ## - DESCRIPCIÓN FÍSICA | |
| Extensión | 24 p ; |
| Dimensiones | 19 cm. |
| 500 ## - NOTA GENERAL | |
| Nota general | En port.: Estrenado con extraordinario éxito en el teatro de Eslava de Madrid, la noche del 16 de mayo de 1879. |
| 500 ## - NOTA GENERAL | |
| Nota general | Solo la letra. |
| 700 11 - ENTRADA AGREGADA--NOMBRE PERSONAL | |
| Nombre de persona | Navarro, Calisto. |
| 9 (RLIN) | 130413 |
| 700 1# - ENTRADA AGREGADA--NOMBRE PERSONAL | |
| Nombre de persona | Nieto, Manuel, |
| Fechas asociadas al nombre | 1844-1915 |
| 9 (RLIN) | 130485 |
| 852 ## - LOCALIZACIÓN | |
| Ubicación | ES-MaACL |
| Número de control de estantería | F-8578(12) |
| Nota libre | -- Enc. pasta española |
| -- | -- Dedicatoria ms. de C. Navarro |
| condición física | -- Falto de la cub. original |
| Nota libre | -- Enc. en un vol. facticio formando parte de la col. faciticia "Teatro español moderno", vol. 31 |
| Estatus retirado | Estado de pérdida | Estado de daño | No para préstamo | Colección | Biblioteca de origen | Biblioteca actual | Ubicación en estantería | Fecha de adquisición | Total de préstamos | Signatura topográfica completa | Código de barras | Visto por última vez | Precio de reemplazo | Tipo de ítem Koha |
|---|---|---|---|---|---|---|---|---|---|---|---|---|---|---|
| Libros del s. XIX | Biblioteca del Ateneo de Madrid | Biblioteca del Ateneo de Madrid | Sala Pecera Planta 2 | 17/01/2008 | F-8578(12) | 1168117 | 23/02/2023 | 23/02/2023 | Libro impreso antiguo |
